Использование физических факторов в санаторно-курортном лечении пациентов; Энергетика: эффективность, надёжность, безопасность

Detalles Bibliográficos
Parent link:Энергетика: эффективность, надёжность, безопасность.— 2011.— [С. 404-406]
Autor Principal: Цыганкова М. П.
Outros autores: Сарайкина А. Н.
Summary:Заглавие с титульного листа
Электронная версия печатной публикации
Idioma:ruso
Publicado: 2011
Subjects:
Acceso en liña:http://www.lib.tpu.ru/fulltext/v/Conferences/2011/K06/116153.pdf
Formato: Electrónico Capítulo de libro
KOHA link:https://koha.lib.tpu.ru/cgi-bin/koha/opac-detail.pl?biblionumber=224447

MARC

LEADER 00000nla2a2200000 4500
001 224447
005 20231031200404.0
035 |a (RuTPU)RU\TPU\book\244753 
035 |a RU\TPU\book\244752 
090 |a 224447 
100 |a 20121025d2011 k y0rusy50 ca 
101 0 |a rus 
102 |a RU 
105 |a y z 101zy 
135 |a drnn ---uucaa 
181 0 |a i  
182 0 |a b 
200 1 |a Использование физических факторов в санаторно-курортном лечении пациентов  |b Электронный ресурс  |f М. П. Цыганкова, А. Н. Сарайкина 
203 |a Текст  |c электронный 
215 |a 1 файл (222 Кб) 
230 |a Электронные текстовые данные (1 файл : 222 Кб) 
300 |a Заглавие с титульного листа 
300 |a Электронная версия печатной публикации 
337 |a Adobe Reader 
463 1 |0 (RuTPU)RU\TPU\book\241205  |t Энергетика: эффективность, надёжность, безопасность  |o материалы XVII Всероссийской научно-технической конференции, Томск, 7-9 декабря 2011 г.  |f Национальный исследовательский Томский политехнический университет (ТПУ)  |v [С. 404-406]  |d 2011 
610 1 |a санаторно-курортное лечение 
610 1 |a физиотерапия 
610 1 |a пострадавшие 
610 1 |a реабилитация 
610 1 |a санатории 
610 1 |a Ключи 
610 1 |a практическая медицина 
610 1 |a электронный ресурс 
700 1 |a Цыганкова  |b М. П. 
701 1 |a Сарайкина  |b А. Н. 
801 1 |a RU  |b 63413507  |c 20120926 
801 2 |a RU  |b 63413507  |c 20121025  |g RCR 
856 4 |u http://www.lib.tpu.ru/fulltext/v/Conferences/2011/K06/116153.pdf 
942 |c CF